[Event "Quebec-ch"]
[Site "Montreal CAN"]
[Date "2019.03.23"]
[Round "2.2"]
[White "Duong, Thanh Nha"]
[Black "Yu, Zong Yang"]
[Result "0-1"]
[WhiteElo "2325"]
[BlackElo "2439"]
[PlyCount "76"]
[EventDate "2019.01.21"]
[EventType "k.o."]
[EventRounds "4"]
[EventCountry "CAN"]

1. e4 c5 2. c3 d5 3. exd5 Qxd5 4. d4 e6 5. Nf3 Nf6 6. Bd3 Be7 7. O-O O-O 8. Re1
Nc6 9. Na3 b6 10. Nc2 cxd4 11. cxd4 Bb7 12. Bg5 Qd8 13. a3 Nd5 14. Bd2 Bf6 15.
Qe2 Nce7 16. Ne5 Ng6 17. g3 Nde7 18. f3 Bxe5 19. dxe5 Nxe5 20. Qxe5 Qxd3 21.
Bc3 Qg6 22. Nd4 Nd5 23. Bd2 Rfe8 24. Rad1 a6 25. Kf2 f6 26. Qe4 Qf7 27. Qg4 f5
28. Qh3 Qf6 29. Bc1 Rac8 30. Qh5 g6 31. Qh6 e5 32. Ne2 Qc6 33. Ng1 e4 34. Nh3
e3+ 35. Kg1 e2 36. Ng5 Nf6 37. Rd3 Qxc1 38. Kf2 Qxe1+ 0-1

[Event "Quebec-ch"]
[Site "Montreal CAN"]
[Date "2019.03.23"]
[Round "2.2"]
[White "Huang, Qiuyu"]
[Black "Rodrigue-Lemieux, Shawn"]
[Result "1/2-1/2"]
[WhiteElo "2230"]
[BlackElo "2372"]
[PlyCount "76"]
[EventDate "2019.01.21"]
[EventType "k.o."]
[EventRounds "4"]
[EventCountry "CAN"]

1. e4 c6 2. d4 d5 3. exd5 cxd5 4. Bd3 Nc6 5. c3 Qc7 6. h3 g6 7. Nf3 Bg7 8. Qc2
Nf6 9. O-O O-O 10. Re1 Nh5 11. Be3 Nf4 12. Bxf4 Qxf4 13. Nbd2 Qc7 14. h4 Bg4
15. Nh2 Bd7 16. Ndf3 e5 17. dxe5 Nxe5 18. Nxe5 Bxe5 19. Nf3 Bf6 20. Rad1 Rfd8
21. g3 Rac8 22. Be2 Qa5 23. Qb3 Bc6 24. Nd4 Re8 25. Bg4 Rcd8 26. Rxe8+ Rxe8 27.
Nxc6 bxc6 28. Bd7 Re2 29. Kf1 Qa6 30. Bc8 Rxf2+ 31. Kxf2 Qxc8 32. Kg2 Qg4 33.
Qb8+ Kg7 34. Rf1 Qe2+ 35. Rf2 Qe4+ 36. Rf3 Qe2+ 37. Rf2 Qe4+ 38. Rf3 Qe2+
1/2-1/2

[Event "Quebec-ch"]
[Site "Montreal CAN"]
[Date "2019.03.24"]
[Round "2.2"]
[White "Masse, Hugues"]
[Black "Sambuev, Bator"]
[Result "1/2-1/2"]
[WhiteElo "2296"]
[BlackElo "2573"]
[PlyCount "178"]
[EventDate "2019.01.21"]
[EventType "k.o."]
[EventRounds "4"]
[EventCountry "CAN"]

1. e4 d6 2. d4 Nf6 3. Nc3 e5 4. Nf3 Nbd7 5. Bc4 Be7 6. O-O O-O 7. a4 a6 8. a5
b5 9. axb6 cxb6 10. Re1 Bb7 11. Bd5 Nxd5 12. Nxd5 b5 13. b3 Bxd5 14. exd5 exd4
15. Bb2 Bf6 16. Bxd4 Re8 17. Rxe8+ Qxe8 18. Bxf6 Nxf6 19. Qd3 Qe4 20. Qxe4 Nxe4
21. Nd4 Nc3 22. Nf5 Nxd5 23. Nxd6 Nc7 24. c4 bxc4 25. Nxc4 Rb8 26. Nd2 Rd8 27.
Ra2 Kf8 28. Kf1 Rd3 29. Ke2 Rc3 30. Kd1 Rd3 31. Ke2 Rd5 32. Ra4 Ke7 33. Ke3 Rh5
34. h4 Rb5 35. g3 Kd7 36. Kd3 Rf5 37. f3 h5 38. Rd4+ Kc6 39. Rc4+ Kb6 40. Rd4
Ne6 41. Rb4+ Kc6 42. Kc3 Nc7 43. Rc4+ Kb6 44. Kd3 Nb5 45. Ke3 Re5+ 46. Kd3 Rd5+
47. Ke3 Nd6 48. Ra4 Nf5+ 49. Kf4 Rxd2 50. Kxf5 Rd3 51. Rb4+ Ka5 52. Ra4+ Kb5
53. Rf4 Rxb3 54. Kg5 f6+ 55. Kg6 a5 56. Kxg7 a4 57. Rxf6 a3 58. Rf8 Kc6 59. g4
Kb7 60. Rf4 Kc6 61. g5 Rb7+ 62. Kf6 Ra7 63. Rc4+ Kd7 64. Rd4+ Ke8 65. Rd1 a2
66. Ra1 Kf8 67. Kg6 Ra4 68. Kxh5 Kg7 69. f4 Ra8 70. Kg4 Ra4 71. Kh5 Kf7 72. Kg4
Kg7 73. h5 Kf7 74. Kg3 Ra3+ 75. Kh4 Ra4 76. Kg4 Kg7 77. Kf5 Ra5+ 78. Ke6 Ra6+
79. Ke5 Ra5+ 80. Kd6 Kf7 81. Kc6 Ra4 82. h6 Kg6 83. Kd6 Rxf4 84. Rxa2 Kxg5 85.
Rh2 Rf6+ 86. Ke5 Rxh6 87. Rg2+ Kh4 88. Rh2+ Kg5 89. Rxh6 Kxh6 1/2-1/2

[Event "Quebec-ch"]
[Site "Montreal CAN"]
[Date "2019.03.24"]
[Round "3.1"]
[White "Rodrigue-Lemieux, Shawn"]
[Black "Sambuev, Bator"]
[Result "0-1"]
[WhiteElo "2372"]
[BlackElo "2573"]
[PlyCount "94"]
[EventDate "2019.01.21"]
[EventType "k.o."]
[EventRounds "4"]
[EventCountry "CAN"]

1. e4 c5 2. Nf3 Nc6 3. Nc3 g6 4. d4 cxd4 5. Nxd4 Bg7 6. Be3 Nf6 7. Bc4 O-O 8.
Bb3 Re8 9. O-O d6 10. h3 Na5 11. Qd2 b6 12. Bh6 Nxb3 13. Nxb3 Bb7 14. Rfe1 Bh8
15. Rad1 Rc8 16. Qc1 Rxc3 17. bxc3 Nxe4 18. Rd3 Qc7 19. Qf4 e5 20. Qe3 d5 21.
f3 Nd6 22. Qf2 f5 23. Bc1 Rc8 24. h4 f4 25. Red1 Qf7 26. a4 Nc4 27. a5 Bf6 28.
g3 fxg3 29. Qxg3 bxa5 30. Nd2 Nb6 31. Ba3 Na4 32. Re1 Nxc3 33. Bb2 e4 34. fxe4
Nxe4 35. Nxe4 dxe4 36. Rb3 Bxb2 37. Rxb2 a4 38. Rf1 Qe7 39. h5 e3 40. hxg6 e2
41. Rfb1 Qc5+ 42. Kh2 Qh5+ 43. Qh3 Qe5+ 44. Qg3 e1=Q 45. Rxe1 Qxb2 46. Re2 Qa1
47. Qe3 Qf6 0-1

[Event "Quebec-ch"]
[Site "Montreal CAN"]
[Date "2019.03.24"]
[Round "3.2"]
[White "Sambuev, Bator"]
[Black "Rodrigue-Lemieux, Shawn"]
[Result "1-0"]
[WhiteElo "2573"]
[BlackElo "2372"]
[PlyCount "103"]
[EventDate "2019.01.21"]
[EventType "k.o."]
[EventRounds "4"]
[EventCountry "CAN"]

1. Nf3 Nf6 2. c4 e6 3. Nc3 d5 4. d4 Bb4 5. e3 O-O 6. Bd3 c5 7. O-O Nc6 8. cxd5
exd5 9. Ne5 cxd4 10. Nxc6 bxc6 11. exd4 a5 12. Bg5 h6 13. Bh4 Re8 14. Rc1 g5
15. Bg3 Ne4 16. Qh5 Bf8 17. Be5 Nf6 18. Qf3 Bg7 19. h3 Rxe5 20. dxe5 Nd7 21.
Qd1 Nxe5 22. Bb1 Rb8 23. b3 Rb4 24. Ne2 Rh4 25. Ng3 g4 26. hxg4 Nxg4 27. Rxc6
Bb7 28. Nf5 Bxc6 29. g3 d4 30. gxh4 h5 31. f3 Ne5 32. Be4 Bf6 33. Bxc6 Nxc6 34.
f4 d3 35. Qxh5 d2 36. Kh2 Bd4 37. Qg5+ Qxg5 38. hxg5 Bc3 39. Kg2 Nb4 40. Kf3
Nxa2 41. Ne7+ Kf8 42. Nd5 Bg7 43. f5 Be5 44. Ke4 Bg3 45. Kd3 Be1 46. Kc2 Nc1
47. Nc3 Kg7 48. Rf4 Bg3 49. Rd4 Be1 50. Rd8 Kh7 51. Rd7 Kg8 52. f6 1-0

[Event "Quebec-ch"]
[Site "Montreal CAN"]
[Date "2019.03.30"]
[Round "4.1"]
[White "Sambuev, Bator"]
[Black "Yu, Zong Yang"]
[Result "0-1"]
[WhiteElo "2573"]
[BlackElo "2439"]
[PlyCount "82"]
[EventDate "2019.01.21"]
[EventType "k.o."]
[EventRounds "4"]
[EventCountry "CAN"]

1. c4 Nf6 2. Nc3 b6 3. e4 Bb7 4. d3 d6 5. f4 e6 6. Nf3 Be7 7. g3 O-O 8. Bg2 c6
9. O-O b5 10. cxb5 cxb5 11. h3 b4 12. Ne2 Na6 13. g4 Nc5 14. Ng3 Nfd7 15. Be3
d5 16. e5 Ba6 17. Ne1 Bh4 18. Rf3 f6 19. exf6 Qxf6 20. Rc1 Rac8 21. Rc2 Qe7 22.
Bf2 Bb7 23. Ne2 Bxf2+ 24. Rxf2 Qd6 25. Nf3 Ba6 26. Rd2 Bb7 27. Nfd4 Kh8 28. f5
Qb6 29. Ng3 exf5 30. Ndxf5 Ne6 31. d4 Nf6 32. Rde2 Rce8 33. Nh5 Nxh5 34. gxh5
Rf6 35. Re5 Ref8 36. Qg4 Qc7 37. Bxd5 Bxd5 38. Rxd5 g6 39. Qe2 gxf5 40. Qe5
Rg8+ 41. Kh2 Qg7 0-1

[Event "Quebec-ch"]
[Site "Montreal CAN"]
[Date "2019.03.30"]
[Round "4.2"]
[White "Yu, Zong Yang"]
[Black "Sanmuev, Bator"]
[Result "0-1"]
[WhiteElo "2439"]
[BlackElo "2573"]
[PlyCount "106"]
[EventDate "2019.01.21"]
[EventType "k.o."]
[EventRounds "4"]
[EventCountry "CAN"]

1. d4 d6 2. Nf3 g6 3. c4 Bg7 4. Nc3 Bg4 5. g3 Qc8 6. Bg2 Bh3 7. O-O Bxg2 8.
Kxg2 h5 9. h4 c5 10. Be3 b6 11. Rc1 Nh6 12. d5 Ng4 13. Bg5 a6 14. a4 Nd7 15.
Qc2 Qb7 16. b3 Bxc3 17. Qxc3 f6 18. Bd2 b5 19. Qc2 Kf7 20. Bc3 b4 21. Bb2 Rag8
22. Rh1 Ke8 23. e4 Kd8 24. Qe2 Kc7 25. Ne1 Nge5 26. f4 Ng4 27. Nf3 Re8 28. Rce1
e6 29. Qd3 Rh7 30. Re2 Rhe7 31. Rhe1 Kd8 32. Nh2 Nh6 33. Qd2 Nf7 34. Kg1 e5 35.
Kh1 Qc8 36. Rf1 exf4 37. Qxf4 f5 38. Rfe1 Nde5 39. Bxe5 Nxe5 40. exf5 Qxf5 41.
Qxf5 gxf5 42. Rf1 Nd3 43. Rxe7 Rxe7 44. Rxf5 Nc1 45. Rf3 Re1+ 46. Kg2 Re2+ 47.
Rf2 Rxf2+ 48. Kxf2 Nxb3 49. Nf3 Ke7 50. Ke3 Kf6 51. Ng5 Nd4 52. Kf4 Ne2+ 53.
Kf3 Nc3 0-1

[Event "Quebec-ch"]
[Site "Montreal CAN"]
[Date "2019.03.31"]
[Round "4.3"]
[White "Sambuev, Bator"]
[Black "Yu, Zong Yang"]
[Result "1/2-1/2"]
[WhiteElo "2573"]
[BlackElo "2439"]
[PlyCount "95"]
[EventDate "2019.01.21"]
[EventType "k.o."]
[EventRounds "4"]
[EventCountry "CAN"]

1. c4 Nf6 2. Nc3 e6 3. e4 d5 4. e5 d4 5. exf6 dxc3 6. bxc3 Qxf6 7. Nf3 b6 8. d4
Bb7 9. c5 Nd7 10. Bb5 Bxf3 11. gxf3 Rd8 12. Rg1 Be7 13. Rg4 h5 14. Rg3 Qf5 15.
Bc6 h4 16. Rxg7 bxc5 17. Rg4 Kf8 18. Qd2 Qh5 19. Bxd7 Rxd7 20. Rb1 f5 21. Rg1
Kf7 22. Qe2 cxd4 23. cxd4 Bf6 24. Bf4 Rhd8 25. Be5 Qh8 26. Rc1 Bxe5 27. Qxe5
Qxe5+ 28. dxe5 Rb8 29. Rg5 Rb5 30. Rh5 Rxe5+ 31. Kf1 Kg6 32. Rxh4 Rd2 33. Re1
Rxe1+ 34. Kxe1 Rxa2 35. Rc4 Ra1+ 36. Ke2 Rh1 37. Rxc7 Rxh2 38. Rxa7 Rh7 39.
Rxh7 Kxh7 40. Kd3 Kg6 41. Kd4 Kf6 42. f4 Kf7 43. Kc5 Kf6 44. Kd6 Kf7 45. Kd7
Kf6 46. Kd6 Kf7 47. Kd7 Kf6 48. Kd6 1/2-1/2

[Event "Quebec-ch"]
[Site "Montreal CAN"]
[Date "2019.03.31"]
[Round "4.4"]
[White "Yu, Zong Yang"]
[Black "Sambuev, Bator"]
[Result "1/2-1/2"]
[WhiteElo "2439"]
[BlackElo "2573"]
[PlyCount "83"]
[EventDate "2019.01.21"]
[EventType "k.o."]
[EventRounds "4"]
[EventCountry "CAN"]

1. d4 d5 2. c4 e6 3. Nf3 c6 4. e3 f5 5. Bd3 Nf6 6. O-O Bd6 7. b3 Qe7 8. Bb2 O-O
9. Nc3 a6 10. Rc1 Nbd7 11. Ne2 b5 12. Nf4 bxc4 13. bxc4 Rb8 14. Qe2 Ne4 15. Ne5
Nxe5 16. dxe5 Bb4 17. cxd5 cxd5 18. Bxa6 Bd7 19. Bd4 Ba4 20. a3 Bxa3 21. Ra1
Bd7 22. Qd3 Bb2 23. Bxb2 Rxb2 24. Qd4 Rfb8 25. Bd3 Nd2 26. Rfd1 R2b4 27. Qc3
Nb3 28. Ra7 Qc5 29. Qxc5 Nxc5 30. Rc7 Nxd3 31. Nxd3 Rb1 32. Rxb1 Rxb1+ 33. Rc1
Rb7 34. h4 Kf7 35. Nc5 Rc7 36. Nb3 Rc4 37. Ra1 Ba4 38. Nd4 f4 39. Rb1 Ke7 40.
Kf1 fxe3 41. fxe3 Bd7 42. Kf2 1/2-1/2

[Event "Quebec-ch"]
[Site "Montreal CAN"]
[Date "2019.03.31"]
[Round "4.5"]
[White "Sambuev, Bator"]
[Black "Yu, Zong Yang"]
[Result "0-1"]
[WhiteElo "2573"]
[BlackElo "2439"]
[PlyCount "90"]
[EventDate "2019.01.21"]
[EventType "k.o."]
[EventRounds "4"]
[EventCountry "CAN"]

1. c4 Nf6 2. Nc3 c5 3. Nf3 e6 4. e3 d5 5. d4 cxd4 6. exd4 Be7 7. cxd5 Nxd5 8.
Bd3 O-O 9. O-O Nc6 10. a3 Bf6 11. Bc2 Nce7 12. Qd3 Ng6 13. Ne4 Bd7 14. Nxf6+
Nxf6 15. Ne5 Rc8 16. Bg5 Bc6 17. Nxc6 Rxc6 18. Rac1 Rd6 19. Rfd1 h6 20. Be3 Nd5
21. Bb1 Rd7 22. g3 Re8 23. Bd2 Rc7 24. h4 Qd7 25. Rxc7 Qxc7 26. Rc1 Qd7 27. h5
Nf8 28. Qe4 Nf6 29. Qh4 Nd5 30. Qg4 Nf6 31. Qh4 Nd5 32. Be4 Nf6 33. Bf3 Nd5 34.
Qe4 Nh7 35. Qe5 Rc8 36. Rxc8+ Qxc8 37. Kg2 Nhf6 38. a4 b6 39. b4 Qd8 40. a5
bxa5 41. bxa5 a6 42. Qe2 Qc8 43. Qd3 Nd7 44. Be2 Qb7 45. Qxa6 Nf4+ 0-1

[Event "Quebec-ch Seniors 50+"]
[Site "Montreal CAN"]
[Date "2019.04.26"]
[Round "1"]
[White "Morin, Louis"]
[Black "Molloy, Francis"]
[Result "1-0"]
[WhiteElo "1865"]
[BlackElo "1549"]
[PlyCount "67"]
[EventDate "2019.04.26"]
[EventType "swiss"]
[EventRounds "5"]
[EventCountry "CAN"]

1. e4 c5 2. d4 cxd4 3. c3 d5 4. exd5 Qxd5 5. cxd4 Nc6 6. Nf3 e5 7. dxe5 Qxd1+
8. Kxd1 Bg4 9. Bf4 O-O-O+ 10. Kc1 Bxf3 11. gxf3 Rd4 12. Be3 Rd5 13. f4 Nh6 14.
Nc3 Rd8 15. Bh3+ Kb8 16. Rd1 Rxd1+ 17. Kxd1 Be7 18. Ke2 Rd8 19. Rd1 Rxd1 20.
Kxd1 a6 21. Ke2 Bd8 22. Kd3 Ne7 23. Ke4 g6 24. Bc5 Kc7 25. Nd5+ Nxd5 26. Kxd5
Nf5 27. Bxf5 gxf5 28. e6 fxe6+ 29. Kxe6 Kc6 30. Be3 h5 31. f3 Bh4 32. Kxf5 Be1
33. Ke6 Kc7 34. f5 1-0

[Event "Quebec-ch Seniors 50+"]
[Site "Montreal CAN"]
[Date "2019.04.26"]
[Round "1"]
[White "Samson, Gaetan"]
[Black "Giroux, Gilbert"]
[Result "1-0"]
[WhiteElo "1810"]
[BlackElo "1342"]
[PlyCount "105"]
[EventDate "2019.04.26"]
[EventType "swiss"]
[EventRounds "5"]
[EventCountry "CAN"]

1. e4 c5 2. Nf3 d6 3. d4 cxd4 4. Nxd4 a6 5. Nc3 Nf6 6. Be2 g6 7. Be3 Nc6 8. f3
Bg7 9. Qd2 Bd7 10. Nb3 Rc8 11. Bh6 O-O 12. h4 Ne5 13. g4 Nc4 14. Bxc4 Rxc4 15.
h5 Kh8 16. hxg6 fxg6 17. Bxg7+ Kxg7 18. Qh6+ Kf7 19. g5 Ke8 20. gxf6 Rxf6 21.
Qxh7 Be6 22. Nd5 Bxd5 23. exd5 Rxc2 24. Qh8+ Kd7 25. Qxd8+ Kxd8 26. Rc1 Rxc1+
27. Nxc1 Rxf3 28. Ke2 Rf5 29. Rd1 Re5+ 30. Kf3 Kd7 31. Ne2 g5 32. Nc3 e6 33.
dxe6+ Kxe6 34. Rh1 Rf5+ 35. Ke3 b5 36. Rh8 b4 37. Ne2 Re5+ 38. Kd3 a5 39. Ra8
Rd5+ 40. Nd4+ Kf7 41. Rh8 Kg7 42. Rh2 Kf6 43. Rf2+ Kg6 44. Ke4 Re5+ 45. Kf3 d5
46. Re2 Rxe2 47. Nxe2 Kh5 48. Kg3 Kh6 49. Kg4 Kg6 50. Nd4 Kf6 51. Nc6 Ke6 52.
Nxa5 Ke5 53. Nc6+ 1-0

[Event "Quebec-ch Seniors 50+"]
[Site "Montreal CAN"]
[Date "2019.04.26"]
[Round "1"]
[White "Sonn, Eric"]
[Black "Morissette, Jean"]
[Result "0-1"]
[WhiteElo "1500"]
[BlackElo "1830"]
[PlyCount "56"]
[EventDate "2019.04.26"]
[EventType "swiss"]
[EventRounds "5"]
[EventCountry "CAN"]

1. e4 e6 2. Qe2 c5 3. Nf3 Nc6 4. c3 d5 5. e5 Qb6 6. g3 Bd7 7. Bh3 Nge7 8. Na3
Ng6 9. Nc2 Rc8 10. O-O Be7 11. d3 O-O 12. Rb1 Qa6 13. a3 b5 14. Bd2 Qb6 15. Bg2
a5 16. h4 Rfe8 17. h5 Nf8 18. Bg5 Qb8 19. Rfe1 b4 20. Bxe7 Rxe7 21. a4 Be8 22.
d4 b3 23. Ne3 cxd4 24. cxd4 Nb4 25. Rec1 Rec7 26. Rxc7 Rxc7 27. Ra1 Nc2 28.
Nxc2 bxc2 0-1

[Event "Quebec-ch Seniors 50+"]
[Site "Montreal CAN"]
[Date "2019.04.27"]
[Round "2"]
[White "Alcantara, Maximo jr"]
[Black "Millette, Sylvain"]
[Result "1/2-1/2"]
[WhiteElo "1679"]
[BlackElo "1724"]
[PlyCount "52"]
[EventDate "2019.04.26"]
[EventType "swiss"]
[EventRounds "5"]
[EventCountry "CAN"]

1. Nf3 Nf6 2. d4 g6 3. g3 Bg7 4. Bg2 d5 5. O-O O-O 6. Re1 Nc6 7. c3 Re8 8. Nbd2
e5 9. dxe5 Nxe5 10. Nb3 c6 11. Nc5 Qb6 12. Nd3 Nfg4 13. Nfxe5 Nxe5 14. Be3 Qd8
15. Nxe5 Bxe5 16. Bd4 f5 17. Bxe5 Rxe5 18. Qd4 Qe7 19. c4 dxc4 20. Qxc4+ Be6
21. Qc3 Bd5 22. e3 Bxg2 23. Kxg2 Rd8 24. Rad1 Red5 25. Rxd5 Qe4+ 26. Kg1 Qxd5
1/2-1/2

[Event "Quebec-ch Seniors 50+"]
[Site "Montreal CAN"]
[Date "2019.04.27"]
[Round "2"]
[White "Bedard, Michel"]
[Black "Morin, Louis"]
[Result "0-1"]
[WhiteElo "1606"]
[BlackElo "1865"]
[PlyCount "74"]
[EventDate "2019.04.26"]
[EventType "swiss"]
[EventRounds "5"]
[EventCountry "CAN"]

1. d4 d5 2. Bf4 e6 3. e3 Bd6 4. Bg3 Nf6 5. Nf3 O-O 6. Bd3 b6 7. Ne5 Nbd7 8. Nd2
Bb7 9. c3 Qe7 10. f4 Rfc8 11. Bh4 Nf8 12. g4 c5 13. g5 Ne4 14. Qg4 Ng6 15. Ndf3
cxd4 16. exd4 Qc7 17. Nxg6 hxg6 18. Ne5 Qe7 19. Bg3 Bxe5 20. Bxe4 Bxd4 21. Bd3
Bxc3+ 22. bxc3 Rxc3 23. Ke2 Rxd3 24. Kxd3 Qa3+ 25. Ke2 Qb2+ 26. Ke1 Qxa1+ 27.
Qd1 Qxd1+ 28. Kxd1 d4 29. Re1 Rc8 30. Bf2 Bd5 31. Ke2 Bxa2 32. Ra1 Bb3 33. Rxa7
Rc2+ 34. Ke1 d3 35. Rd7 Re2+ 36. Kf1 Bc4 37. Rd4 Re4 0-1

[Event "Quebec-ch Seniors 50+"]
[Site "Montreal CAN"]
[Date "2019.04.27"]
[Round "2"]
[White "Goldner, John"]
[Black "Samson, Gaetan"]
[Result "0-1"]
[WhiteElo "1707"]
[BlackElo "1810"]
[PlyCount "114"]
[EventDate "2019.04.26"]
[EventType "swiss"]
[EventRounds "5"]
[EventCountry "CAN"]

1. e4 c5 2. Nf3 d6 3. d4 cxd4 4. Nxd4 Nf6 5. Nc3 a6 6. Bc4 e6 7. Bb3 Be7 8. O-O
O-O 9. Be3 Nc6 10. a4 Qc7 11. Nxc6 bxc6 12. f4 c5 13. Qe2 Bb7 14. Bd2 Rac8 15.
e5 Nd7 16. exd6 Bxd6 17. Bc4 Qc6 18. b3 Nf6 19. Rae1 Rcd8 20. Bd3 Rfe8 21. Ne4
Nxe4 22. Bxe4 Qxe4 23. Qxe4 Bxe4 24. Rxe4 Bc7 25. Be3 Rd5 26. Rc4 Bd6 27. g3
Rd8 28. Kf2 Be7 29. Ke2 Kf8 30. h3 f5 31. Rc3 h6 32. h4 Kf7 33. Rd3 Kg6 34.
Rfd1 Kh5 35. Rxd5 exd5 36. Kf3 d4 37. Bf2 g5 38. hxg5 hxg5 39. Rh1+ Kg6 40.
fxg5 Kxg5 41. Rd1 Rh8 42. Re1 Kf6 43. Kg2 Bd6 44. Rh1 Rxh1 45. Kxh1 Ke5 46. Kg2
Ke4 47. Be1 Ke3 48. Ba5 Ke2 49. Bb6 Kd2 50. b4 cxb4 51. Bxd4 Kxc2 52. Kf3 b3
53. g4 fxg4+ 54. Kxg4 b2 55. Bxb2 Kxb2 56. Kf5 Kb3 57. Ke6 Bb4 0-1

[Event "Quebec-ch Seniors 50+"]
[Site "Montreal CAN"]
[Date "2019.04.27"]
[Round "2"]
[White "Morissette, Jean"]
[Black "Belanger, Mario"]
[Result "1/2-1/2"]
[WhiteElo "1830"]
[BlackElo "1591"]
[PlyCount "101"]
[EventDate "2019.04.26"]
[EventType "swiss"]
[EventRounds "5"]
[EventCountry "CAN"]

1. d4 g6 2. e4 Bg7 3. f4 d6 4. Nf3 c5 5. dxc5 Qa5+ 6. Nc3 Qxc5 7. Bd3 Bxc3+ 8.
bxc3 Qxc3+ 9. Bd2 Qc5 10. Qe2 Nc6 11. Rb1 Nd4 12. Nxd4 Qxd4 13. Be3 Qc3+ 14.
Kf2 Nf6 15. h3 O-O 16. Rb3 Qc7 17. Rhb1 b6 18. Bd4 Nh5 19. Be3 Bb7 20. g4 Nf6
21. Bd4 e5 22. Ba1 Qe7 23. fxe5 dxe5 24. Kg3 Nd7 25. Bc4 Nc5 26. Re3 Rad8 27.
Bd5 Bxd5 28. exd5 e4 29. Rd1 f5 30. gxf5 Rxf5 31. c4 Qd6+ 32. Kg2 Rg5+ 33. Kh1
Nd7 34. Rxe4 Nf6 35. Re6 Qg3 36. Rxf6 Qxh3+ 37. Qh2 Qg4 38. Rd4 Qd7 39. Rdf4
Re8 40. Bc3 Rh5 41. Rh4 Rxh4 42. Qxh4 Re3 43. Re6 Rxc3 44. Qe4 Rc1+ 45. Kg2 Qa4
46. Re8+ Kg7 47. Qe7+ Kh6 48. Qe3+ Kg7 49. Re7+ Kf8 50. Qxc1 Kxe7 51. Qg5+
1/2-1/2

[Event "Quebec-ch Seniors 50+"]
[Site "Montreal CAN"]
[Date "2019.04.27"]
[Round "3"]
[White "Kozlov, Guennadi"]
[Black "Morissette, Jean"]
[Result "1/2-1/2"]
[WhiteElo "1602"]
[BlackElo "1830"]
[PlyCount "95"]
[EventDate "2019.04.26"]
[EventType "swiss"]
[EventRounds "5"]
[EventCountry "CAN"]

1. e4 Nf6 2. e5 Nd5 3. d4 d6 4. Nf3 Bg4 5. Be2 c6 6. O-O Bxf3 7. Bxf3 dxe5 8.
dxe5 e6 9. c4 Ne7 10. Qxd8+ Kxd8 11. Bf4 Nd7 12. Bg3 Ng6 13. Re1 Kc7 14. a3 Bc5
15. Re4 a5 16. Nc3 Rhd8 17. h4 Bb6 18. h5 Ne7 19. Bh4 Re8 20. Na4 Nc5 21. Nxb6
Kxb6 22. Rg4 Nf5 23. Bg5 h6 24. Bd2 Rad8 25. Bc3 Na4 26. Be1 Rd4 27. b4 Red8
28. c5+ Kc7 29. Rxd4 Rxd4 30. Rd1 Nb2 31. Rxd4 Nxd4 32. Be4 Nc4 33. bxa5 Nxa3
34. Bd3 Nab5 35. f4 Kd7 36. Kf2 Nc7 37. Bc4 Na6 38. Bxa6 bxa6 39. g4 Ke7 40.
Bc3 Nb5 41. Bb2 Nc7 42. Kf3 Nd5 43. Ke4 Kf8 44. f5 Ke7 45. Bd4 Kf8 46. f6 Kg8
47. Kf3 Nb4 48. Ke4 1/2-1/2

[Event "Quebec-ch Seniors 50+"]
[Site "Montreal CAN"]
[Date "2019.04.27"]
[Round "3"]
[White "Marchand, Jacques"]
[Black "Millette, Sylvain"]
[Result "1-0"]
[WhiteElo "1908"]
[BlackElo "1724"]
[PlyCount "60"]
[EventDate "2019.04.26"]
[EventType "swiss"]
[EventRounds "5"]
[EventCountry "CAN"]

1. e4 Nf6 2. e5 Nd5 3. c4 Nb6 4. c5 Nd5 5. Nc3 e6 6. d4 d6 7. cxd6 cxd6 8. f4
dxe5 9. fxe5 Nc6 10. Nf3 Bd7 11. Bd3 Bb4 12. Bd2 Nxd4 13. Ne4 Nxf3+ 14. Qxf3
Bxd2+ 15. Kxd2 O-O 16. Rhf1 f5 17. exf6 Nxf6 18. Ke2 Bc6 19. Nxf6+ Rxf6 20. Qh5
g6 21. Qe5 Rxf1 22. Rxf1 Qe7 23. Rf6 Re8 24. Bxg6 Rf8 25. Bxh7+ Qxh7 26. Qg5+
Qg7 27. Rg6 Rf7 28. h4 Bb5+ 29. Ke3 Rd7 30. Rxg7+ Rxg7 1-0

[Event "Quebec-ch Seniors 50+"]
[Site "Montreal CAN"]
[Date "2019.04.27"]
[Round "3"]
[White "Mercure, Gilbert"]
[Black "Alcantara, Maximo jr"]
[Result "0-1"]
[WhiteElo "1855"]
[BlackElo "1679"]
[PlyCount "86"]
[EventDate "2019.04.26"]
[EventType "swiss"]
[EventRounds "5"]
[EventCountry "CAN"]

1. e4 c6 2. d4 d5 3. f3 Nf6 4. e5 Nfd7 5. e6 fxe6 6. f4 Nf6 7. Nf3 g6 8. h4 Bg7
9. h5 Ne4 10. h6 Bf6 11. g4 O-O 12. Bd3 c5 13. Nbd2 Nxd2 14. Bxd2 cxd4 15. g5
Bh8 16. Qe2 Nc6 17. b4 Qd6 18. Bxg6 hxg6 19. h7+ Kf7 20. Rb1 a6 21. a4 b5 22.
axb5 axb5 23. Nh4 e5 24. O-O e4 25. f5 Qg3+ 26. Ng2 d3 27. fxg6+ Kxg6 28. cxd3
Bg4 29. Qe1 Rxf1+ 30. Kxf1 Rf8+ 31. Kg1 Qxe1+ 32. Rxe1 Nd4 33. Kh1 Bf3 34. Kh2
Bxg2 35. Kxg2 Nf3 36. Re2 Nxd2 37. Rxd2 e3 38. Re2 Rf2+ 39. Rxf2 exf2 40. Kxf2
Kxh7 41. Kf3 e5 42. Kg4 Kg6 43. d4 e4 0-1

[Event "Quebec-ch Seniors 50+"]
[Site "Montreal CAN"]
[Date "2019.04.27"]
[Round "3"]
[White "Morin, Louis"]
[Black "Samson, Gaetan"]
[Result "1-0"]
[WhiteElo "1865"]
[BlackElo "1810"]
[PlyCount "61"]
[EventDate "2019.04.26"]
[EventType "swiss"]
[EventRounds "5"]
[EventCountry "CAN"]

1. e4 c5 2. d4 cxd4 3. c3 d6 4. cxd4 Nf6 5. Nc3 g6 6. f3 Bg7 7. Be3 O-O 8. Qd2
Nc6 9. O-O-O a6 10. Bh6 b5 11. h4 Bd7 12. h5 Qa5 13. hxg6 fxg6 14. Bxg7 Kxg7
15. Qh6+ Kf7 16. Kb1 b4 17. Nd5 Nxd5 18. Bc4 e6 19. Qxh7+ Ke8 20. Qxg6+ Kd8 21.
exd5 Ne7 22. Qg7 Re8 23. dxe6 Bb5 24. Rh8 d5 25. Bxb5 Qxb5 26. Rxe8+ Qxe8 27.
Qf7 Qh8 28. Nh3 Ra7 29. Ng5 Rc7 30. Nh7 Nc6 31. Qf6+ 1-0

[Event "Quebec-ch Seniors 50+"]
[Site "Montreal CAN"]
[Date "2019.04.28"]
[Round "4"]
[White "Bisaillon, Marc"]
[Black "Alcantara, Maximo jr"]
[Result "1-0"]
[WhiteElo "1734"]
[BlackElo "1679"]
[PlyCount "93"]
[EventDate "2019.04.26"]
[EventType "swiss"]
[EventRounds "5"]
[EventCountry "CAN"]

1. e4 c6 2. Bc4 e6 3. d4 d5 4. exd5 cxd5 5. Bd3 g6 6. Nf3 Bg7 7. Bf4 Nc6 8. c3
a6 9. Nbd2 Nf6 10. Qe2 O-O 11. h4 Nh5 12. Bh2 Re8 13. Ne5 Qxh4 14. Ndf3 Qf6 15.
Nxc6 bxc6 16. Be5 Qe7 17. Rxh5 gxh5 18. Bxg7 Kxg7 19. Ne5 Qg5 20. Nf3 Qh6 21.
Qe5+ Kf8 22. Qd6+ Kg8 23. Qxc6 Bb7 24. Qxb7 Rab8 25. Qd7 Rbd8 26. Qc7 e5 27.
Nxe5 f6 28. Qf7+ Kh8 29. f4 fxe5 30. dxe5 Rf8 31. Qe7 Qg7 32. Qxg7+ Kxg7 33. g3
h4 34. Kf2 hxg3+ 35. Kxg3 Kf7 36. Bxa6 Rg8+ 37. Kf3 d4 38. Bc4+ Kf8 39. Bxg8
Kxg8 40. cxd4 Rxd4 41. a4 Rb4 42. a5 Rxb2 43. a6 Rb8 44. a7 Ra8 45. Ke4 Kf7 46.
Kd5 h5 47. Kc6 1-0

[Event "Quebec-ch Seniors 50+"]
[Site "Montreal CAN"]
[Date "2019.04.28"]
[Round "4"]
[White "Marchand, Jacques"]
[Black "Morin, Louis"]
[Result "0-1"]
[WhiteElo "1908"]
[BlackElo "1865"]
[PlyCount "70"]
[EventDate "2019.04.26"]
[EventType "swiss"]
[EventRounds "5"]
[EventCountry "CAN"]

1. e4 e5 2. Bc4 Nf6 3. d3 d5 4. exd5 Nxd5 5. Nf3 Nc6 6. O-O Be7 7. Re1 Bg4 8.
h3 Bxf3 9. Qxf3 Nd4 10. Qxd5 Qxd5 11. Bxd5 Nxc2 12. Re2 Nxa1 13. b3 O-O-O 14.
Bc4 Bf6 15. Nc3 c6 16. a4 e4 17. Nxe4 b5 18. axb5 cxb5 19. Bxb5 Nxb3 20. Bf4
Nd4 21. Ba6+ Kd7 22. Nxf6+ gxf6 23. Re4 Ne6 24. Bb5+ Ke7 25. Bc1 Rd4 26. Ba3+
Kd8 27. Re1 a6 28. Bc4 Kd7 29. Bxa6 Rb8 30. Bc4 Kc6 31. Bxe6 Rxd3 32. Bxf7 Rxa3
33. Re6+ Kd7 34. Rxf6 Ke7 35. Rf4 Rf8 0-1